Trading environments : frontiers, commercial knowledge and environmental transformation, 1750- 1990

Saved in:
Bibliographic Details
Format: Book
Language:English
Published: Routledge 2016
Tags: Add Tag
No Tags, Be the first to tag this record!

MARC

LEADER 00000nam a22000007a 4500
008 240808b |||||||| |||| 00| 0 eng d
020 |a 9781138933446 
245 |a Trading environments  |b : frontiers, commercial knowledge and environmental transformation, 1750- 1990  |c Gordon M. Winder and Andreas Dix  |e Routlege studies in environment, culture and society  |g xiv, 314p.; ill 
250 |c Winder, Gordon M. and Dix Andreas 
260 |b Routledge  |c 2016  |h New - York  |i 700471  |l HF497.T67  |m Commerce- Environmental aspects- History  |m Natural resources- Social aspects- History  |m Land use- History  |m Environmental sociology  |m Cultural geography 
500 |a It includes studies references and index 
942 |a lcc  |c BK  |e Adeyemo O.O  |f 8/8/2024 
952 |0 0  |1 0  |2 lcc  |4 0  |6 HF0497 T67  |7 0  |9 5436  |a HOL  |b HOL  |c GJ  |d 2024-08-08  |l 0  |o HF497.T67  |p 2024-0677  |r 2024-08-08 00:00:00  |t 700471  |w 2024-08-08  |y BK 
999 |c 2690  |d 2690